Národní zpráva ČAP o trhu pojištění odpovědnosti za škodu v ČR za rok 2004

Správa Českej asociácie poisťovní (ČAP) o trhu poostenia zodpovednosti za škodu v ČR za rok 2004. Poistenie zodpovednosti za škodu priemyslu a podnikateľov a poistenia zodpovednosti za škodu spôsobenú vadou výrobku. Poistenie profesnej zodpovednosti za škodu zdravotníckych zariadení a lekárov. Poist...

Celý popis

Uložené v:
Podrobná bibliografia
Hlavný autor: Zikán, Václav
Médium: Kapitola
Jazyk:Czech
Predmet:
Tagy: Pridať tag
Žiadne tagy, Buďte prvý, kto otaguje tento záznam!

MARC

LEADER 00000naa$a2200000$$$4500
001 0035441
005 20230927101834.5
041 0 |a cze 
044 |a CZ 
245 1 0 |a Národní zpráva ČAP o trhu pojištění odpovědnosti za škodu v ČR za rok 2004  |c Václav Zikán 
520 |a Správa Českej asociácie poisťovní (ČAP) o trhu poostenia zodpovednosti za škodu v ČR za rok 2004. Poistenie zodpovednosti za škodu priemyslu a podnikateľov a poistenia zodpovednosti za škodu spôsobenú vadou výrobku. Poistenie profesnej zodpovednosti za škodu zdravotníckych zariadení a lekárov. Poistenie zodpovednosti za škody spôsobené na životnom prostredí. Poistenie nákladov stiahnutím výrobkov z trhu. 
610 2 0 |a poistenie zodpovednosti za škody 
610 2 0 |a Česko 
610 2 0 |a poistenie zodpovednostné 
610 2 0 |a 2004 
100 1 |a Zikán, Václav